书目信息 |
| 题名: |
道破K线天机
|
|
| 作者: | 王学武 , 潘联斌 编著 | |
| 分册: | ||
| 出版信息: | 广州 广东经济出版社 1999.11 |
|
| 页数: | 213页 | |
| 开本: | 32开 | |
| 丛书名: | ||
| 单 册: | ||
| 中图分类: | F830.91 | |
| 科图分类: | ||
| 主题词: | 金融 , 银行 | |
| 电子资源: | ||
| ISBN: | 7-80632-603-0 | |
| 000 | 00609nam0 2200217 45 | |
| 001 | 0104101003 | |
| 005 | 20010410104840.0 | |
| 010 | @a7-80632-603-0@d14.50元 | |
| 100 | @a20010410d1999 km y0chiy0120 ea | |
| 101 | 0 | @achi |
| 105 | @a z 000yy | |
| 200 | 1 | @a道破K线天机@ADao Po K Xian Tian Ji@f王学武,潘联斌编著@FWang Xue Wu,Pan Lian Bin Bian Zhu |
| 210 | @a广州@c广东经济出版社@d1999.11 | |
| 215 | @a213页@d32开 | |
| 606 | 0 | @a金融 |
| 606 | 0 | @a银行 |
| 690 | @aF830.91@v3 | |
| 701 | 0 | @a王学武@4编著 |
| 701 | 0 | @a潘联斌@4编著 |
| 801 | @aCN@bPftUser@c20010410 | |
| 905 | @b336999-001@dF830.91@eW876@f3 | |
| 道破K线天机/王学武,潘联斌编著.-广州:广东经济出版社,1999.11 |
| 213页;32开 |
| ISBN 7-80632-603-0:14.50元 |
| ● |
| 相关链接 |
|
|
|
正题名:道破K线天机
索取号:F830.91/W876
 
预约/预借
| 序号 | 登录号 | 条形码 | 馆藏地/架位号 | 状态 | 备注 |
| 1 | 336999 | 203369997 | 社科库409/409社科库 53排4列4层/ [索取号:F830.91/W876] | 在馆 | |
| 2 | 337000 | 203370002 | 社科库409/400B社科库 2排3列5层/ [索取号:F830.91/W876] | 在馆 | |
| 3 | 337001 | 203370011 | 社科库409/409社科库 53排4列4层/ [索取号:F830.91/W876] | 在馆 |